Η ψυχολογία του παιδιού
Αποθηκεύτηκε σε:
| Κύριος συγγραφέας: | |
|---|---|
| Άλλοι συγγραφείς: | |
| Μορφή: | Βιβλίο |
| Γλώσσα: | Greek French |
| Δημοσίευση: |
Αθήνα :
Δαίδαλος,
1990.
|
| Έκδοση: | 2η έκδ. |
| Σειρά: | Τι πρέπει να ξέρω. Η πυξίδα των σύγχρονων γνώσεων ;
99 |
| Θέματα: | |
| Ετικέτες: |
Προσθήκη ετικέτας
Δεν υπάρχουν, Καταχωρήστε ετικέτα πρώτοι!
|
MARC
| LEADER | 00000cam a2200000 i 4500 | ||
|---|---|---|---|
| 001 | 1/68598 | ||
| 008 | 990203s1990 gr | ||| |||| ||gre|| | ||
| 035 | |l 10047676 | ||
| 040 | |a GR-MyUA |b gre |e AACR2 | ||
| 041 | 1 | |a gre |h fre | |
| 082 | 0 | |a 155.4 | |
| 100 | 1 | |a Piaget, Jean, |d 1896-1980. | |
| 245 | 1 | 2 | |a Η ψυχολογία του παιδιού / |c Jean Piaget, Baerbel Inhelder. |
| 250 | |a 2η έκδ. | ||
| 260 | |a Αθήνα : |b Δαίδαλος, |c 1990. | ||
| 300 | |a 136 σ. | ||
| 490 | 1 | |a (Τι πρέπει να ξέρω. Η πυξίδα των σύγχρονων γνώσεων |v ; 99) | |
| 500 | |a Τίτλος πρωτοτύπου: La psychologie de l'enfant. | ||
| 650 | 0 | 0 | |a Child psychology. |
| 650 | 0 | 0 | |a Developmental psychology. |
| 650 | 0 | 0 | |a Sensorimotor integration. |
| 650 | 0 | 0 | |a Perception in children. |
| 700 | 1 | |a Inhelder, Baerbel. | |
| 830 | 0 | |a Τι πρέπει να ξέρω. Η πυξίδα των σύγχρονων γνώσεων ; |v 99 | |
| 852 | |a INST |b RHODES |e 19990203 |h 155.4 PIA |p 005400005585 |q 005400005585 |t BK |y 0 | ||
| 909 | |a Ρ |b 058052 | ||
| 922 | |a 4ΕΛΗ |b 199806 |c ΚΠΣ/Ν |d EMVASIS | ||